000 01516nam a2200373 c 4500
999 _c85274
_d85274
003 BLK
005 20200204125202.0
008 180408b bul|||||r ||||||| ||bul||
010 _aKNG00089874000
020 _a978-954-608-154-4
040 _aBLK
041 _aBUL
_cBUL
080 _aОблигационно право. Задължения, договори, споразумения
_b347.4
_x(497.2)
_z347.4(497.2)
080 _aТърговско право
_b347.7
_x(497.2)
_z347.7(497.2)
100 1 _aГерджиков, Огнян Стефанов
_eпърви автор
_9366353
139 _aГерджиков, Огнян Стефанов
_bГ 38
245 1 0 _aТърговски сделки
_cОгнян Стефанов Герджиков.
250 _a3. прераб. и доп. изд.
257 _aBGR
260 _bТруд и право
_c2008
_fСофия : Д. Благоев
300 _a352 с.
_bсъс сх.
_c21 см
380 _a3
500 _a1. изд. 1997
650 4 _aТърговско право - България
_9243787
650 4 _aОблигационно право - България
_9243778
653 _aтърговски сделки
653 _aтърговско право
653 _aбанкови операции
852 _aЦб 244245
856 4 _qpdf
856 4 _qpdf
942 _cKNG
_n0
_s1
944 _aCR
_c12.06.2009
_kГеновева_Генчева
944 _aED
_c17.08.2016
_kВиолета_Тройчева
999 _d85274